Records d'apparitions par club Français - Statistiques

Statistiques générales
  • Ce quiz a été pris 30 fois
  • Le résultat moyen est 6 sur 29
Statistiques - réponses
Club Joueur le plus capé Nombre d'apparitions Nation Période au club % Correct
Marseille Steve Mandanda 613 France 2007-2016 / 2017-2022
79%
Saint-Etienne Loïc Perrin 471 France 2003-2020
71%
Lyon Gregory Coupet 520 France 1997-2008
46%
Bordeaux Alain Giresse 591 France 1970-1986
43%
Troyes Benjamin Nivet 433 France 2002-2007 / 2012-2019
39%
Montpellier Souleymane Camara 433 Sénégal 2007-2020
39%
Rennes Romain Danzé 376 France 2006-2019
32%
Lille Rio Mavuba 370 France 2008-2017
29%
Caen Nicolas Seube 520 France 2001-2017
25%
Angers Vincent Manceau 388 France 2008-2022
25%
Monaco Jean-Luc Ettori 753 France 1975-1994
21%
Guingamp Claude Michel 408 France 1993-2005
18%
Ajaccio Johan Cavalli 286 France 2010-2020
18%
Lens Eric Sikora 821 France 1985-2004
14%
Metz Sylvain Kastendeuch 524 France 1981-1990 / 1994-2001
14%
Brest Bruno Grougi 307 France 2009-2018
11%
Amiens Régis Gutner 282 France 2015-aujourd'hui
11%
Dijon Baptiste Reynet 304 France 2014-2018
7%
Toulouse Dominique Arribagé 334 France 1992-1998 / 2004-2008
7%
Strasbourg Dominique Dropsy 435 France 1973-1984
7%
Lorient Fabien Audard 351 France 2002-2015
7%
Auxerre Fabien Cool 467 France 1993-2007
7%
Le Havre Alexandre Bonnet 470 France 2009-2022
4%
Paris Jean-Marc Pilorget 436 France 1975-1989
4%
Valenciennes Rudy Mater 287 France 2002-2014
4%
Sochaux Albert Rust 454 France 1972-1987
0%
Nantes Jean-Paul Bertrand-Demanes 647 France 1969-1987
0%
Reims René Masclaux 331 France 1964-1979
0%
Nice Roger Jouve 295 France 1967-1978
0%
Aucun quiz correspondant
Distribution des résultats
% des personnes avec chaque résultat
Percentile par nombre de réponses
Votre historique - résultats
Vous n’avez pas pris ce quiz